000 00944cam a2200241 4500
001 ##M1657
008 090401t1994 xxu||||| |||| 00| 0 eng d
035 _a(Sirsi) u33589
041 0 _aeng
050 0 4 _a346.4104343 $2 18
090 _aRICS 1994/75ABCD
110 2 _aRoyal Institution of Chartered Surveyors
_94900
245 0 3 _aAn elemental analysis of service charges
_bguidance notes prepared by the Commercial Property Management Skills Panel
260 _aLondon
_bRICS
_c1994
300 _a18p.
_c30cm.
490 _aRICS Commercial Property Guidance Note
490 _aRICS Guidance Note
520 _aSuperseeded by 1995 edition (ISBN 0854066969).
690 _aPROPERTY-COMMERCIAL PROPERTY-LEASEHOLD COMMERCIAL PROPERTY-COMMERCIAL LANDLORD AND TENANT-COMMERCIAL SERVICE CHARGES
710 2 _aRoyal Institution of Chartered Surveyors
_bCommercial Property Management Skills Panel
_94496
942 _n0
948 _c04/03/1997
999 _c89823
_d89823